| 000 | 00573nam a22002057a 4500 | ||
|---|---|---|---|
| 003 | OSt | ||
| 005 | 20140310182948.0 | ||
| 008 | 130206t xxu||||| |||| 00| 0 eng d | ||
| 020 | _a9789719900009 | ||
| 050 |
_aPL5539 _b.G884 2011 |
||
| 082 |
_aFIL 899.210301 _bG873n 2011 |
||
| 245 |
_aThe Names and faces of people _bcollected stories _cGroyon Jr., Vic H. |
||
| 260 |
_aQuezon City _bC & E Publishing, Inc. _cc2011 |
||
| 300 |
_a210 p. _c18 cm. |
||
| 521 | _acollege students | ||
| 526 | _c1210L-1700L | ||
| 541 | _j1 | ||
| 562 | _e1 | ||
| 942 |
_2lcc _cBK _kFIL |
||
| 999 |
_c17861 _d17861 |
||